Тройное деление 293 Pu и 242 Am нейтронами; Ядерная физика; Т. 20, № 3

التفاصيل البيبلوغرافية
Parent link:Ядерная физика/ Российская академия наук.— , 1965-.— 0044-0027
Т. 20, № 3.— 1974.— С. 461-466
مؤلفون آخرون: Воробьев А. А. Александр Акимович, Грачев В. Т., Кондуров И. А., Мирошниченко Ю. А., Никитин А. М., Селиверстов Д. М., Смирнов Н. Н.
اللغة:الروسية
منشور في: 1974
الموضوعات:
التنسيق: MixedMaterials فصل الكتاب
KOHA link:https://koha.lib.tpu.ru/cgi-bin/koha/opac-detail.pl?biblionumber=421816

MARC

LEADER 00000naa2a2200000 4500
001 421816
005 20231101073643.0
035 |a (RuTPU)RU\TPU\prd\79576 
090 |a 421816 
100 |a 20100402a1974 k y0rusy50 ca 
101 0 |a rus 
102 |a RU 
200 1 |a Тройное деление 293 Pu и 242 Am нейтронами  |f А. А. Воробьев [и др.] 
320 |a Библиогр.: 15 назв. 
461 0 |0 (RuTPU)RU\TPU\prd\397  |x 0044-0027  |t Ядерная физика  |f Российская академия наук  |d 1965- 
463 0 |0 (RuTPU)RU\TPU\prd\19568  |t Т. 20, № 3  |v С. 461-466  |d 1974 
610 1 |a труды учёных ТПУ 
701 1 |a Воробьев  |b А. А.  |c российский физик  |c ректор Томского политехнического института, профессор  |f 1909-1981  |g Александр Акимович  |2 stltpush  |3 (RuTPU)RU\TPU\pers\12805 
701 1 |a Грачев  |b В. Т. 
701 1 |a Кондуров  |b И. А. 
701 1 |a Мирошниченко  |b Ю. А. 
701 1 |a Никитин  |b А. М. 
701 1 |a Селиверстов  |b Д. М. 
701 1 |a Смирнов  |b Н. Н. 
801 1 |a RU  |b 63413507  |c 20100402 
801 2 |a RU  |b 63413507  |c 20100402  |g RCR 
942 |c BK